15 Largest State Capitals US 2020 Census - Statistics

General Stats
  • This quiz has been taken 162 times
  • The average score is 8 of 15
Answer Stats
Hint Answer % Correct
1,608,139 Phoenix, AZ
91%
978,908 Austin, TX
89%
525,398 Sacramento, CA
83%
696,959 Boston, MA
72%
524,067 Atlanta, GA
65%
749,103 Denver, CO
65%
887,642 Indianapolis, IN
59%
921,605 Columbus, OH
56%
655,057 Oklahoma City, OK
53%
474,069 Raleigh, NC
47%
678,448 Nashville, TN
40%
310,368 St. Paul, MN
40%
350,964 Honolulu, HI
33%
265,158 Madison, WI
29%
289,102 Lincoln, NE
19%
No matching quizzes found
Score Distribution
Percent of People with Each Score
Percentile by Number Answered
Your Score History
You have not taken this quiz